Riadenie verejných financií v prístupovom procese SR do EÚ a ich predpokladaný vývoj počas prvých troch rokov členstva v EÚ

Salvato in:
Dettagli Bibliografici
Autore principale: Švolíková, Oľga
Natura: Capitolo di libro
Lingua:slovacco
Tags: Aggiungi Tag
Nessun Tag, puoi essere il primo ad aggiungerne!!

MARC

LEADER 00000naa$a2200000$$$4500
001 0062576
005 20240502071716.3
041 0 |a slo 
044 |a SK 
245 1 0 |a Riadenie verejných financií v prístupovom procese SR do EÚ a ich predpokladaný vývoj počas prvých troch rokov členstva v EÚ  |c Oľga Švolíková 
100 1 |a Švolíková, Oľga